| 000 | 00933nam a2200217 i 4500 | ||
|---|---|---|---|
| 001 | 74373 | ||
| 003 | ES-MaACL | ||
| 005 | 20260127062531.0 | ||
| 007 | t| | ||
| 008 | 040917s1947 sp ||||1| spa d | ||
| 100 | 1 |
_aGonzález Oliveros, Wenceslao. _958845 |
|
| 245 | 1 | 3 |
_aEl pensamiento irénico y el jurídico en Leibniz _b: discurso leído el día 20 de junio de 1947 en su recepción pública / _cpor Wenceslao González Oliveros ; y contestación de Eduardo Aunós. |
| 260 |
_aMadrid : _b[s.n., _c1947] ( _fImp. Viuda Galo Sèz) |
||
| 300 |
_a93 p. ; _c25 cm. |
||
| 500 | _aPrecede al tít.: Real Academia de Jurisprudencia y Legislación. | ||
| 600 | 1 | 4 |
_aLeibniz, Gottfried Wilhelm _cFreiherr von. _971367 |
| 700 | 1 |
_aAunós Pérez, Eduardo, _d1894-1967 _923920 |
|
| 700 |
_aReal Academia de Jurisprudencia y Legislación de España _9217612 |
||
| 852 |
_aES-MaACL _j1866-F-22 _bR.23931 |
||
| 999 |
_c74373 _d74373 |
||